[Event "Herzliya"]
[Site "Herzliya"]
[Date "1998.09.13"]
[Round "8"]
[White "Kantsler, Boris"]
[Black "Wells, Peter K"]
[Result "1-0"]
[WhiteElo "2535"]
[BlackElo "2515"]
[Annotator "Wells,P"]
[PlyCount "73"]
[EventDate "1998.09.??"]
[EventType "tourn"]
[EventRounds "11"]
[EventCountry "ISR"]
[EventCategory "10"]
[SourceTitle "EXT 1999"]
[Source "ChessBase"]
[SourceDate "1998.11.16"]
[SourceVersion "1"]
[SourceVersionDate "1998.11.16"]
[SourceQuality "1"]

1. c4 {Lutz} e6 2. Nc3 d5 3. d4 c6 4. Nf3 Nf6 5. e3 Nbd7 6. Qc2 Bd6 7. Be2 O-O
8. O-O dxc4 9. Bxc4 Qe7 10. Bd2 {The 'main line' commences} (10. a3 e5 11. h3 {
but the apparent resilience of Chernin's subtle bishop retreat} Bb8 $1 {
( avoiding the tactical tricks on the c-file which plagued the older 11...Bc7 )
has led white, wisely in my opinion, to look for alternatives.}) ({The
positions where black plays ...e5 are unusually rich in tension. Since,
generally speaking it has been shown that the IQP positions arising from a
quick pawn exchange on d4 clearly favour white, the issue boils down either to
black advancing ...e4, or both sides making such useful developing moves as
they can while the central tension remains. Since this is not so easy for
black ( he needs the knight to stay on d7 defending e5 ) schemes which prevent
the advance ...e5-e4 hold some promise eg.} 10. h3 e5 (10... c5 11. dxc5 Bxc5
12. e4 Bd6 13. Nb5 Ne5 14. Nxe5 Bxe5 15. f4 {is in my opinion currently
unacceptable for black.}) 11. Bb3 $5 {The point is that h3 enables Ng5, while
the retreat Bb3 prevents ...Nb6 and Bf5 appearing with tempo.Hence} e4 $2 (
11... Bc7 $5 12. Bd2 h6 13. Nh4 Re8 $13) 12. Ng5 $1 $16 {[%csl Re4,Rf7][%cal
Yg5e4,Yg5f7]}) 10... e5 11. Rae1 $5 {'N' Lutz. This, in view of the above
comments really seemed a bit provocative to me. I knew that my opponent had
tried the move before, but somehow I was not expecting a repeat. The crucial
question is how to assess the position after 17 Qf3 - this must I had realised
before the game. In my preparation ( and initially at the board ) I had
thought it would be very pleasant for black.} (11. Bb3 {is an interesting
case! After} e4 $6 12. Ng5 Bxh2+ 13. Kxh2 Ng4+ 14. Kg1 Qxg5 15. Qxe4 Ndf6 16.
Qf4 {Lutz: 'führt zu weißem Vorteil, wie in etlichen Partien nachgewiesen
wurde.'} Qxf4 17. exf4 {[%csl Yb3,Yd2,Rg4][%cal Yd4d5] the ending favours
white who has chances to push d4-d5 activating the bishop pair, while black's
knight on g4 looks rather clumsy}) (11. h3 e4 $5 12. Ng5 Nb6 13. Bb3 Bf5 $5 {
has by no means universal support, but I think black's position is OK after}
14. f3 Rae8 15. fxe4 Bg6 $1 16. Qd1 h6 17. e5 hxg5 18. exf6 gxf6 $13 {[%cal
Gd6h2,Ye3e4] Wojtkiewicz,A-Arakhamia,K/Bern op 1991/EXP 21.}) 11... e4 $1 {
The implication of the above notes is that if this is not correct now with the
pawn on h2 and the bishop on c4 it never will be! Moreover, other moves enable
11 Rae1 to show a certain venom eg.} (11... Bc7 $6 12. Bb3 h6 (12... e4 13. Ng5
Ng4 14. f4 $1 $16 {Wells}) 13. Nh4 $1 Rd8 (13... Qd8 $5 $14) 14. f4 $1 {
This is the move which reveals the aggressive intentions of Kanstler's
trademark.} exd4 (14... e4 15. Nf5 Qe8 16. Ng3 $18 {[%csl Re4]}) 15. exd4 Qf8
16. Ng6 {1-0 Kanstler,B-Tyomkin,D/Tel Aviv 1997/CBM 59 (16)} Qd6 17. Ne7+ Kh8
18. Nf5 Qf8 19. Re7 $18) 12. Ng5 Nb6 $1 ({A necessary preface to the little
combination, since the immediate} 12... Bxh2+ 13. Kxh2 Ng4+ 14. Kg1 Qxg5 15.
Qxe4 $14 Nb6 $140 (15... Ndf6 {Lutz} 16. Qf4 $5 {Hier ist Rae1 möglicherweis
konstruktiver als Bb3.}) 16. Bd3 $1 {does not put the same challenge to
white's light squares}) 13. Bb3 (13. Be2 {Obviously Atalik shared my view
about white's difficulties after 13 Bb3. Actually I sort of expected 13 Be2
during the game.} Bf5 14. f3 Qc7 15. f4 Rae8 16. g4 Bxg4 17. Bxg4 {1/2-1/2
Atalik,S-Yegiazarian,A/Ankara zt 1995/EXP 49.}) 13... Bxh2+ 14. Kxh2 Ng4+ 15.
Kg1 Qxg5 16. Qxe4 {Lutz: 'Im Vergleich zur obigen Variante (nach 11.Bb3) sind
die Züge ...Nb6 und Rae1 eingeschaltet. '} (16. Nxe4 $2 {Lutz} Qh4) 16... Bf5
17. Qf3 Bd3 {Lutz: 'Schwarz nutzt aus, daß der Rf1 eingeklemmt ist. Allerdings
entpuppt sich das schwarze Spiel bald als Scheinaktivität und die weißen
Vorteile (Läuferpaar, Zentrumsmehrheit) kommen zur Geltung.'} 18. Ne2 Nf6 $6 {
[%csl Gc4,Gd3,Ge4][%cal Gd3f1,Yb3f7,Ye3e4,Yf6e4] The battle lines are fairly
clearly drawn. White has a reasonably serious 'temporary irritation' in the
pin on his knight on e2, and a rather more enduring general headache on the
light squares. On the other hand, the bishop on b3, while not directly playing
in the centre does exert an annoying pressure on f7, and even black's pride
and joy, the bishop on d3 can sometimes be vulnerable to tactical ideas such
as Bc1 + e4. Basically, if white can solve his light square problems (
particularly by pushing e3-e4 he will stand well. If not, then black is at
least comfortable. The text move shows a healthy obsession with the e4 square,
but a rather one-sided one! This move in effect frees white's queen from
having to worry about king-side threats ( to h2 ) and thereby frees the e1
rook too. Others:} (18... Qh4 $5 19. Qh3 (19. Qf4 g5 20. Qg3 Qxg3 21. fxg3 Nc4
$132 {[%csl Re3]}) 19... Qxh3 20. gxh3 Nf6 21. f3 Nc4 $5 (21... Bc4 22. Bc2 $1
$14) 22. Bxc4 (22. Bc1 Rfe8 $132) 22... Bxc4 23. b3 $11 {[%cal Ye3e4]}) (18...
Rae8 $2 19. Bb4) (18... Nc4 19. Bxc4 $5 (19. Bc1 Qh4 $1) 19... Bxc4 20. Qg3 $11
{[%cal Yf2f3]}) 19. Rd1 $1 {[%cal Ye3e4]} Rfe8 ({I wanted to find time for} 
19... a5 $5 {with ideas to play not just...a4, but sometines ...Bc4 when Bc2
can be met with ...Bxa2, b3 ...a4! However, I was very afraid of the attack
which white can generate by force after} 20. e4 $1 Qb5 21. Nc3 Qa6 22. Bg5 $1 (
22. Rfe1 $6 a4 $132) 22... Bxf1 23. Bxf6 gxf6 24. Rxf1 $40 {[%csl Ra6,Rf6]})
20. Rfe1 Qh4 $6 21. Qg3 $1 Qxg3 22. Nxg3 $16 h5 (22... Bc4 23. Bc2 $1 Bxa2 $140
24. b3) 23. Bc1 Bg6 24. f3 a5 25. e4 {'+/-' Lutz.} a4 26. Bc2 Nfd5 $5 {Already
in timetrouble, and having lost the strategical battle, black's play develops
an air of desparation!} 27. Kf2 a3 $6 28. bxa3 Nc3 29. Rd3 Nxa2 30. Bd2 {
Lutz: 'Der Na2 ist gestrandet.'} c5 {In some sense consistent! White keeps his
nerve.} 31. dxc5 Nc4 32. Bb3 Ne5 33. Rde3 Red8 $138 {With thanks to the
invention of digital clocks, the bulletin here announces that I still enjoyed
the luxury of an available 14 seconds!} (33... Rxa3 $2 {Lutz} 34. Bxf7+) 34.
Ke2 Rxa3 35. Bd5 $1 (35. Bxf7+ Bxf7 36. Rxa3 Rxd2+ 37. Kxd2 Nc4+ {appeared, at
least with the blurred spectacles of time-trouble, to give some hope.}) 35...
Rxe3+ 36. Kxe3 $18 h4 37. Nf1 $138 {If time-limits are to be over-stepped,
this seems like a reasonable moment for it!} (37. Nf1 {Lutz} Nd3 38. Rb1) 1-0

[Event "American Continental 3rd"]
[Site "Buenos Aires"]
[Date "2005.08.11"]
[Round "6"]
[White "Sorin, Ariel"]
[Black "Vescovi, Giovanni P"]
[Result "0-1"]
[WhiteElo "2496"]
[BlackElo "2640"]
[Annotator "Wells,P"]
[PlyCount "72"]
[EventDate "2005.08.06"]
[EventType "swiss"]
[EventRounds "11"]
[EventCountry "ARG"]
[SourceTitle "CBM 109"]
[Source "ChessBase"]
[SourceDate "2005.11.14"]
[SourceVersion "1"]
[SourceVersionDate "2005.11.14"]
[SourceQuality "1"]

1. d4 Nf6 2. c4 e6 3. Nf3 d5 4. Nc3 c6 5. e3 Nbd7 6. Qc2 Bd6 7. Be2 O-O 8. O-O
dxc4 9. Bxc4 a6 10. a3 Qc7 11. h3 c5 12. dxc5 Nxc5 13. Rd1 b6 14. b4 Ncd7 15.
Bd3 Bb7 16. Ng5 $6 {Looks a bit elaborate, especially when Black has no
weakness on c5 to justify such a manouevre.} h6 17. Nge4 Bh2+ 18. Kh1 Nxe4 19.
Nxe4 Qxc2 20. Bxc2 Be5 21. Rb1 Rfd8 22. f4 {I suspect this weakening move is
one step on the road downhill.} ({Perhaps instead} 22. Bb2 $5 $15 Rac8 23. Bxe5
Rxc2 24. f3 Bd5) 22... Rac8 23. Bd3 Nf6 $1 {[%mdl 32]} 24. Nf2 (24. Nxf6+ Bxf6
25. Bb2 Bxb2 26. Rxb2 Kf8 27. Rc2 Rxc2 28. Bxc2 Rc8 $1 {[%csl Ra3,Re3] and
White's problems are far from over.}) 24... Ne4 $1 25. Nxe4 Bxe4 26. fxe5 Rxd3
27. Rg1 Rdc3 28. Ra1 Rc2 {[%csl Ra1,Rg2] and White is utterly helpless as
Black piles up - as it happens with almost sadistic patience and precision -
against g2.} 29. Kh2 Re2 30. Kg3 g5 31. h4 Kg7 32. hxg5 hxg5 33. a4 Rcc2 34. b5
Rxg2+ 35. Rxg2 Rxg2+ 36. Kh3 Kg6 0-1

[Event "RUS-Cup final"]
[Site "Samara"]
[Date "1998.09.02"]
[Round "5"]
[White "Zvjaginsev, Vadim"]
[Black "Filippov, Valerij"]
[Result "1-0"]
[WhiteElo "2650"]
[BlackElo "2595"]
[Annotator "Yakovich,Y"]
[PlyCount "55"]
[EventDate "1998.08.??"]
[EventType "tourn"]
[EventRounds "11"]
[EventCountry "RUS"]
[SourceTitle "CBM 067"]
[Source "ChessBase"]
[SourceDate "1998.11.30"]
[SourceVersion "2"]
[SourceVersionDate "1998.11.01"]
[SourceQuality "1"]

{[%mdl 136]} 1. c4 {Lutz} e6 2. Nc3 d5 3. d4 c6 4. e3 Nf6 5. Nf3 Nbd7 6. Qc2
Bd6 7. Bd3 O-O 8. O-O dxc4 9. Bxc4 b5 10. Be2 Bb7 11. Rd1 Qc7 12. b3 a6 (12...
Rac8 13. Rb1 (13. Bb2 Qb8 14. Ne4 Nxe4 15. Qxe4 c5 16. Qh4 c4 17. Rdc1 Nf6 18.
d5 Nxd5 19. bxc4 bxc4 20. Bxc4 Be7 21. Qg3 Qxg3 22. hxg3 Nb6 $11 {1/2-1/2
Zvjaginsev,V-Galkin,A/RUS-ch 1996 (42)}) 13... Rfe8 14. b4 a5 15. a3 axb4 16.
axb4 Ra8 $11 {1/2-1/2 Zviaginsev,V-Shabanov,Y/RUS-chT 1996 (28)}) 13. Ne4 Nxe4
14. Qxe4 c5 (14... e5 {Lutz} 15. Qh4 Rae8 16. dxe5 Nxe5 17. Bb2 Nxf3+ 18. Bxf3
Re6 19. g3 c5 20. Bxb7 Qxb7 21. Qg5 Rg6 22. Qd5 Qe7 23. Rac1 h6 24. Rc2 Kh7 25.
Qf5 Kg8 26. Qd5 Kh8 27. Ba3 b4 28. Bb2 f5 29. Qf3 {Zvjaginsev,V-Kaidanov,G/
FIDE-Wch k.o. 1997/CBM 63/0-1 (85)}) 15. Qh4 Nf6 16. dxc5 {'N' Lutz.} (16. Bb2
{Lutz} Qe7 17. dxc5 {mit Remisschluß in Gelfand-Kramnik (Dos Hermanas 1997).
Nach 17...Bxc5 würde die Partie entstehen. Zvjaginsev hat jedoch eine
Verbesserung parat.}) 16... Bxc5 {Lutz: 'Weiß erhält starke Drohungen in der
geöffneten d-Linie'} 17. Bb2 Qe7 {1/2-1/2 Gelfand,B-Kramnik,V/Dos Hermanas
1997/CBM 59} 18. b4 $1 $146 {'!' Lutz. Lutz: 'Wie es aussieht, ist dieser Zug
eine starke Neuerung (gegenüber dem Remisschluß in Gelfand-Kramnik).'} Bxb4 {
'?!' Lutz.} (18... Bd6 $5 {Lutz ist vorsichtiger. Wenigstens kann ich keine
direkte Widerlegung finden.} 19. Bxf6 (19. Bd3 h6) 19... gxf6 20. Bd3 (20. Rxd6
Qxd6 21. Rd1 Qc6 22. Bd3 f5 23. Qg5+ (23. Ng5 $2 Qxg2#) 23... Kh8 24. Qf6+ $11)
20... f5 21. Ng5 f6 {Die Stellung ist unklar.}) 19. Bd3 $6 ({After} 19. Bxf6
gxf6 20. Bd3 f5 21. Ng5 f6 22. Nxe6 {'!?' Lutz. Lutz: 'kommt auch in Betracht.'
} Qxe6 23. Qxb4 Kh8 24. Bf1 (24. Qf4 Rg8 25. f3 Qe5 $13) 24... Rfd8 $14 {
white can get a small advantage but they want more}) 19... e5 $1 {the only
move Lutz: 'Schwarz gibt den Bauern wieder zurück, aber Alternativen sind noch
schlechter.'} (19... Ne4 {Lutz} 20. Bxe4 Qxh4 21. Nxh4 Bxe4 22. Rd4 $18) (19...
Rfd8 {Lutz} 20. Bxf6 Qxf6 21. Bxh7+ (21. Qxb4 $2 Rxd3) 21... Kh8 22. Ng5 $18) (
19... h6 {Lutz} 20. Bxf6 gxf6 21. Qxh6 f5 22. Ng5 f6 23. Qg6+ Kh8 24. Nxe6 Qxe6
25. Bxf5 $18) 20. Nxe5 (20. Bxe5 Ne4 $1 21. Bxe4 Qxh4 22. Nxh4 Bxe4 23. Rd4 Bc3
24. Rxe4 Bxa1 25. Bxa1 Rac8 26. Bb2 Rc2 27. Rb4 Rd8 $17) 20... Ne4 $1 21. Qf4
$2 (21. Qh5 $1 $13) 21... f5 $4 {[%csl Rg8]} (21... Bc3 $1 $15) 22. Bc2 $1 $18
{[%cal Rc2b3,Rb3g8] Lutz: 'Die weißen Läufer nehmen eine bedrohliche Stellung
ein.'} Bc3 (22... Z0 {Lutz} 23. Bb3+ Kh8 24. Ng6+ hxg6 25. Qh6#) (22... Nc3 {
Lutz} 23. Bb3+ Kh8 24. Rd2 $16) 23. Bb3+ Kh8 24. Rd7 Qf6 25. Bxc3 {'!?' Lutz.}
(25. Nf7+ {Lutz} Kg8 26. Bxc3 Nxc3 27. Qe5 $18 {(Fritz5) ist auch nicht zu
verachten.}) 25... Nxc3 26. Re1 Bc8 (26... Rae8 27. Rf7 Rxf7 28. Nxf7+ Kg8 29.
Nd6+ Kh8 30. Nxe8 Ne2+ 31. Kf1 Bxg2+ 32. Kxe2 Qb2+ 33. Kd1 Be4 34. f3 $18) (
26... Be4 $5 {Lutz verhindert das folgende Finale.}) 27. Rd6 $1 Qe7 (27... Qxd6
28. Ng6+) 28. Rh6 $1 {( 28...gh 29.Ng6 hg 30.Qh6 Qh7 31.Qf8 ) '!!' Lutz.} (28.
Rh6 {Lutz} gxh6 (28... g5 29. Qd4) 29. Ng6+ hxg6 30. Qxh6+ Qh7 31. Qxf8+ Qg8
32. Qxg8#) 1-0

[Event "WchT 11th"]
[Site "Khanty-Mansiysk"]
[Date "2017.06.17"]
[Round "1.2"]
[White "Duda, Jan Krzysztof"]
[Black "Adhiban, Baskaran"]
[Result "1-0"]
[WhiteElo "2697"]
[BlackElo "2670"]
[Annotator "Yermolinsky,A"]
[PlyCount "131"]
[EventDate "2017.06.17"]
[EventType "team-tourn"]
[EventRounds "9"]
[EventCountry "RUS"]
[SourceTitle "CBM 179"]
[Source "ChessBase"]
[SourceDate "2017.07.12"]
[SourceVersion "1"]
[SourceVersionDate "2017.07.12"]
[SourceQuality "1"]
[WhiteTeam "Poland"]
[BlackTeam "India"]
[WhiteTeamCountry "POL"]
[BlackTeamCountry "IND"]

1. d4 d5 2. c4 c6 3. Nc3 Nf6 4. e3 e6 5. Nf3 Nbd7 6. Qc2 Bd6 7. Bd3 O-O 8. O-O
dxc4 9. Bxc4 e5 10. h3 Qe7 11. Bb3 Bc7 12. Bd2 h6 13. Rad1 Re8 14. Nh4 Nf8 15.
Nf5 Bxf5 16. Qxf5 e4 17. h4 Rad8 18. a3 Qd7 19. Qxd7 N8xd7 20. g3 Nb6 21. Kg2
h5 22. Rc1 g6 23. Rc2 Re7 24. Ba2 Bd6 25. Rb1 Red7 26. b4 Bf8 27. Kf1 a6 28.
Ke2 Kg7 29. Be1 Re8 30. Rbb2 Ng4 31. Nb1 f5 32. Bb3 Nf6 33. Nd2 Nfd5 34. Rb1
Kf6 35. Ba2 {In this roughly balanced position Adhiban was looking to create
something.} g5 $6 36. hxg5+ Kxg5 37. Nb3 Nf6 38. Bd2 Rh7 39. Na5 {This reminds
me of Caruana's unfortunate misuse of his knight in the game against Anand at
the Norway Chess a few days previously. Luckily for the young Polish star
there are no queens on the board here, so White has a lot of leeway.} ({
I can see nothing wrong with} 39. Nc5 Nbd5 40. a4 {as such positions have been
handled since the times of Lasker and Capablanca.}) 39... Ree7 40. Rh1 h4 (
40... Nbd5 41. Rcc1 Rd7 42. Nc4 Bd6 $14) 41. gxh4+ Rxh4 42. Rxh4 Kxh4 43. Rc1
Kg5 44. Rh1 Bg7 45. Nb3 Nbd5 46. Nc5 {Duda has fixed his slight error with the
knight placement and now stands better. However, it would have taken him a lot
more effort to make progress if Baskaran just sat still.} f4 $6 {But no, he
won't do that.} 47. Rg1+ Kf5 48. exf4 $1 {By breaking his own pawn chain, Duda
begins concrete play against the suddenly weak e4-pawn.} Bh6 (48... Nh7 49. Bb1
Bxd4 {meets with} 50. Nxe4 $1 Rxe4+ (50... Nhf6 51. Kf3) 51. Kf3 Nhf6 52. Rg5+)
(48... Nxf4+ $2 49. Bxf4 Kxf4 50. Rxg7 $1 {Adhiban could not have missed that,
could he?}) 49. Bb1 $1 {There it is.} b6 (49... Nxf4+ 50. Kf1 {Powerless as he
is to stop f2-f3 Black might as well fish for chances in} Nh3 51. Bxh6 Nxg1 52.
Kxg1 Kg4 53. Kg2 b6 54. Nxa6 Rh7 55. Be3 Ra7 56. Nb8 Rxa3 57. Nxc6 Nd5 {
but he's very unlikely to succeed.}) 50. Nxe4 Bxf4 51. Kd1 Bxd2 $2 {His final
mistake.} ({Instead,} 51... Nxe4 52. f3 Bxd2 53. fxe4+ Kf4 {gives White an
interesting choice. Somewhat counter-intuitively,} 54. exd5 $1 {is best.} ({
but not the conservative} 54. Kxd2 Ne3 55. Bd3 Rh7 56. Kc3 Rh2 {and Black is
alive and kicking}) 54... Bc3 55. Rf1+ $1 {An all-important check that drives
the black king away.} Kg3 56. dxc6 Bxd4 57. Bf5 Be5 58. Kd2 {I believe White
is winning here. A sample line runs as follows:} Bc7 59. Kd3 Kg2 60. Rd1 Kf3
61. Kd4 Kf4 62. Rf1+ Kg5 63. Bc8 a5 64. Kc4 axb4 65. axb4 Re8 66. Bh3 Rh8 67.
Rf7 Bd6 68. Bf5 Rh4+ 69. Kd5 Bh2 70. Be4 {We have come a long way in
understanding such endgames in the past couple of decades. For further study
I'd refer the reader to the games of Alexey Shirov, the renowned expert in
rook plus opposite-colored bishop endings.}) 52. Ng5+ $1 {Pretty.} Ne4 (52...
Kf4 53. Nh3+ Kf3 {and the king journey ends right here.} 54. Rg3#) 53. Bxe4+
Rxe4 54. Nxe4 Kxe4 55. Kxd2 Kxd4 56. Rg4+ Ke5 57. Rg6 Nf6 58. Kd3 Kf5 59. Rg7
Ng4 60. Kd4 Ne5 61. Ra7 c5+ 62. bxc5 Nc6+ 63. Kd5 Nxa7 64. cxb6 Nc8 65. b7 Ne7+
66. Kc5 1-0